000 00546nam a22002051 4500
001 sa 68011943
003 DLC
005 20260227112605.0
008 800929s1966 io bd 00000 ind
010 _asa 68011943 //r80
025 _aPL480:Indo-5948
050 0 _aHB61
_b.W54
100 1 0 _aWinardi, Jozef,
_d1931-
245 1 0 _aKamus ekonomi.
250 _aEdisi 1.
260 0 _aBandung,
_bAcademica,
_c1966.
300 _a[2], 311 p.
_c21 cm.
504 _aBibliography: 2d prelim. page.
650 0 _aEconomics
_xDictionaries
_xIndonesian.
999 _c84202
_d84202